Campaña pro-cálculo en las escuelas rurales : (Record no. 6431)

MARC details
000 -CABECERA
campo de control de longitud fija 00826nam a2200217 a 4500
005 - FECHA Y HORA DE LA ÚLTIMA TRANSACCIÓN
campo de control 20260417064127.0
008 - ELEMENTOS DE LONGITUD FIJA--INFORMACIÓN GENERAL
campo de control de longitud fija 991125s1928 mx 000 0 spa u
035 ## - NÚMERO DE CONTROL DEL SISTEMA
Número de control de sistema UPN01000006431
049 ## - COLECCIÓN
Colección SEP
050 #4 - SIGNATURA TOPOGRÁFICA DE LA BIBLIOTECA DEL CONGRESO
Número de clasificación LB775.6 R34.1
Número de documento/Ítem C36
100 1# - ASIENTO PRINCIPAL--NOMBRE PERSONAL
Nombre de persona Ramírez Castañeda, Rafael,
Fechas asociadas al nombre 1885-1959
245 10 - MENCIÓN DE TÍTULO
Título Campaña pro-cálculo en las escuelas rurales :
Resto del título consejos metodológicos /
Mención de responsabilidad, etc. por Rafael Ramírez.
260 ## - PUBLICACIÓN, DISTRIBUCIÓN, ETC.
Lugar de publicación, distribución, etc. México :
Nombre del editor, distribuidor, etc. Talleres Gráficos de la Nación,
Fecha de publicación, distribución, etc. 1928.
300 ## - DESCRIPCIÓN FÍSICA
Extensión 11 p.
440 #0 - MENCIÓN DE SERIE/ASIENTO SECUNDARIO--TÍTULO
Título Secretaría de Educación Pública ;
Nombre de parte o sección de la obra Publicaciones ;
Designación de volumen o secuencia 17, no.19
500 ## - NOTA GENERAL
Nota general Disponible en la Colección Medina
650 #4 - ASIENTO SECUNDARIO DE MATERIA - TERMINO TEMATICO
Término de materia o nombre geográfico como elemento de entrada Aritmética
Subdivisión general Estudio y enseñanza (Elemental)
9 (RLIN) 5289
650 #4 - ASIENTO SECUNDARIO DE MATERIA - TERMINO TEMATICO
Término de materia o nombre geográfico como elemento de entrada Cálculo
Subdivisión general Estudio y enseñanza (Elemental)
9 (RLIN) 4514
650 #4 - ASIENTO SECUNDARIO DE MATERIA - TERMINO TEMATICO
Término de materia o nombre geográfico como elemento de entrada Educación rural
Subdivisión de forma Planes y programas
9 (RLIN) 6388
905 ## - TIPO DE MATERIAL
Tipo de material Libro
Holdings
Estado de retiro Estado de pérdida Fuente del sistema de clasificación o colocación Estado dañado No para préstamo Código de colección Localización permanente Ubicación/localización actual Ubicación en estantería Total de préstamos Clasificación Código de barras Fecha visto por última vez Número de copia Tipo de ítem Koha
    Library of Congress Classification   Colec. Medina Colección SEP Bib. Gregorio Torres Quintero Bib. Gregorio Torres Quintero Colección SEP   LB775.6 R34.1 C36 19817F 31/12/2020 1 Libro